00393nam a2200145Ia 4500100003000000650002700030250000600057366000700063654002000070245009100090260003200181082001400213300000800227546001200235 aTurban/Efrain/ leidner/D  aInformation technology a6 f25 adigital economy aInformation technology for Management:Transforming organisation in teh digital economy bWiley student editionc2008 a5.74bTUR a700 aENGLISH